000 00293nam a22001337a 4500
008 181015b xxu||||| |||| 00| 0 eng d
020 _ax000s0xh0x
041 _aeng
080 _a940
100 _a16
101 _aSHH
245 _aThe Protestant Reformation
_cSpitz,L.W
942 _2udc
_cBK
999 _c49635
_d49635